000
00332nam a22001337a 4500
008
170620b xxu||||| |||| 00| 0 eng d
020
_a
9780385518277
041
_a
eng
080
_a
324
100
_a
20
101
_a
SHP
245
_a
IMPOSTOR BANKUPTED AMERICA AND BETRAYED THE REAGAN LEGACY
_c
BUSH.G.W
942
_2
udc
_c
BK
999
_c
18317
_d
18317